000 00891nam a22002655i 4500
001 175864
003 ES-MaACL
005 20250803102540.0
008 101126s1935 fr o |||| | fre d
080 _a929 Proust, Marcel
100 1 _aCattaui, Georges.
_9144084
245 1 2 _aL'Amitié de Proust /
_cGeorges Cattaui ; avec une préface de Paul Morand et une lettre inédite de Marcel Proust.
250 _a7e éd.
260 _aParis :
_bGallimard,
_c1935.
300 _a229 p. ;
_c21 cm.
490 1 _aLes Cahiers Marcel Proust ;
_v8
500 _aÍndice.
504 _aBibliografía: p. 215-216.
546 _aTexto en francés.
600 1 7 _aProust, Marcel,
_d1871-1922-
_xBiografías
_2
_9144085
700 1 _aMorand, Paul,
_d1888-1976
_983133
830 0 _aLes Cahiers Marcel Proust ;
_v8
_9223929
852 _aES-MaACL
_jE-13686
999 _c175864
_d175864